000 00695nam a2200181 a 4500
003 0
005 20250208104039.0
008 130123s19uu xx 00 eng d
050 _aPHS NX 180.S6
_b.M561 2012
100 _aMeriguet, Louise.
245 _aThe influence of societal issues to Andy Warhol's works as interpreted in his art /
_cLouise Meriguet.
260 _aLas PiƱas City, Philippines :
_bSouthville International School and Colleges,
_c2012.
300 _a38 pages :
_billustrations ;
_c28 cm.
504 _aIncludes bibliographical references.
600 _aWarhol, Andy, -- 1928-1987
_xCriticism and interpretation
650 _aArts, American
_x20th century
942 _2lcc
_cPASS
999 _c98836
_d98836